| 000 | 00532 a2200205 4500 | ||
|---|---|---|---|
| 005 | 20260205123838.0 | ||
| 008 | 260205b |||||||| |||| 00| 0 eng d | ||
| 020 |
_a97893943984491 _cRs. 1799.00 |
||
| 040 | _aMAIN | ||
| 082 |
_a355.00954 _bR636H |
||
| 100 | _aRohtagi, Ramesh | ||
| 245 | _aHistory of Indian military | ||
| 260 |
_bSaddle Publishers _c2023 _aDelhi |
||
| 300 | _avi, 276 | ||
| 650 | _aMiltary Science | ||
| 650 | _aDefence Policy | ||
| 650 | _aStrategic Studies | ||
| 650 | _aFuture Warfare | ||
| 942 | _cBK | ||
| 999 |
_c395448 _d395448 |
||